000 00257nam a22001097a 4500
008 131217t xxu||||| |||| 00| 0 eng d
020 _a0-00-470474-6
245 _aComplete works of William Shakespeare
260 _bCollins
300 _a1433
942 _2ddc
_cBK
999 _c16736
_d16736